ბათუმის შოთა რუსთაველის სახელმწიფო უნივერსიტეტის ბიბლიოთეკა

Математика для техникумов (ბიბ.ჩანაწერი № 47925)

000 -LEADER
fixed length control field 00615nam a2200217Ia 4500
001 - CONTROL NUMBER
control field 14802
003 - CONTROL NUMBER IDENTIFIER
control field GE_BSU
008 - FIXED-LENGTH DATA ELEMENTS--GENERAL INFORMATION
fixed length control field 181216s||||||||xx |||||||||||||| ||und||
040 ## - CATALOGING SOURCE
Transcribing agency GE_BSU
080 ## - UNIVERSAL DECIMAL CLASSIFICATION NUMBER
Universal Decimal Classification number 51(075.32)
100 ## - MAIN ENTRY--PERSONAL NAME
Personal name Андронов, И.К.
245 ## - TITLE STATEMENT
Title Математика для техникумов
245 ## - TITLE STATEMENT
Remainder of title Курс единой математики
245 ## - TITLE STATEMENT
Statement of responsibility, etc. Ред. М.И.Ромакин.
260 ## - PUBLICATION, DISTRIBUTION, ETC.
Place of publication, distribution, etc. Москва
260 ## - PUBLICATION, DISTRIBUTION, ETC.
Name of publisher, distributor, etc. Высшая школа.
260 ## - PUBLICATION, DISTRIBUTION, ETC.
Date of publication, distribution, etc. 1965
300 ## - PHYSICAL DESCRIPTION
Extent 823стр.26см.
653 ## - INDEX TERM--UNCONTROLLED
Uncontrolled term Математика для техникумов
942 ## - ADDED ENTRY ELEMENTS (KOHA)
Koha item type წიგნი
ეგზემპლარები
Withdrawn status Lost status Damaged status Not for loan Date acquired Barcode Date last seen Price effective from Koha item type
        2018-12-17 15010 2018-12-17 2018-12-17 წიგნი
        2018-12-17 16023 2018-12-17 2018-12-17 წიგნი